| 000 | 01003nam a2200277Ia 4500 | ||
|---|---|---|---|
| 003 | OSt | ||
| 005 | 20221005112034.0 | ||
| 006 | a|||||r|||| 00| 0 | ||
| 007 | ta | ||
| 008 | 221004b |||||||| |||| 00| 0 san d | ||
| 020 |
_a817270254X (hbk) _c390 |
||
| 024 | _a13921 | ||
| 037 |
_b380, 20/03/2014, Eastern Book Linkers _cTextual |
||
| 040 |
_aCRL _cCRL _bsan |
||
| 041 |
_2san _asan |
||
| 082 | _aQ2:494, 15Q3 | ||
| 100 | _aमितालीदेव | ||
| 245 | 0 | _aयज्ञतत्वविमर्शः | |
| 246 | _aYagnatatvavimarshah | ||
| 260 |
_aवाराणसी _bसम्पूर्णान्नद संस्कृत यूनिवर्सिटी भारत _c2013 |
||
| 300 |
_a302पृ0 _ccm. |
||
| 490 | _aगंगानाथ झा ग्रंथमाला; 32 | ||
| 650 | _aधर्म | ||
| 942 |
_hQ2:494, 15Q3 _cTEXL _2cc |
||
| 999 |
_c1023648 _d1023648 |
||